[Event "Malaga Region-ch"]
[Site "Malaga"]
[Date "2013.02.03"]
[Round "9"]
[White "Cisnero Alvarez, Juan Jose"]
[Black "Linan Baena, Jeronimo"]
[Result "1/2-1/2"]
[WhiteElo "2090"]
[BlackElo "2101"]
[PlyCount "74"]
[EventDate "2013.01.12"]
[EventType "swiss"]
[EventRounds "9"]
[EventCountry "ESP"]
[SourceTitle "CBM 152 Extra"]
[Source "ChessBase"]
[SourceDate "2013.02.25"]
[SourceVersion "1"]
[SourceVersionDate "2013.02.25"]
[SourceQuality "1"]

1. Nf3 Nf6 2. c4 d6 3. g3 e5 4. Bg2 Be7 5. d4 Nbd7 6. 0-0 0-0 7. Nc3 c6 8. e4 Qc7 9. h3 Re8 10. Be3 a6 11. Rc1 Nf8 12. Qd2 Ng6 13. Rfd1 Bf8 14. dxe5 dxe5 15. c5 h6 16. Qc2 Be6 17. b4 Rad8 18. Bf1 Qe7 19. Rxd8 Rxd8 20. Rd1 Rxd1 21. Qxd1 Qd7 22. Qxd7 Nxd7 23. Nd2 Be7 24. Nc4 Nf6 25. Na5 Bc8 26. Kg2 Kf8 27. f4 exf4 28. gxf4 Ke8 29. Nc4 Nd7 30. a3 Kd8 31. Bd3 Nh4+ 32. Kg3 g5 33. Nd6 Bxd6 34. cxd6 f6 35. Bd4 Ng6 36. f5 Nge5 37. Be2 Nf7 1/2-1/2

[Event "Malaga Region-ch"]
[Site "Malaga"]
[Date "2013.01.27"]
[Round "7"]
[White "Claros Egea, Christian"]
[Black "Linan Baena, Jeronimo"]
[Result "1-0"]
[WhiteElo "2231"]
[BlackElo "2101"]
[PlyCount "77"]
[EventDate "2013.01.12"]
[EventType "swiss"]
[EventRounds "9"]
[EventCountry "ESP"]
[SourceTitle "CBM 152 Extra"]
[Source "ChessBase"]
[SourceDate "2013.02.25"]
[SourceVersion "1"]
[SourceVersionDate "2013.02.25"]
[SourceQuality "1"]

1. e4 e6 2. d4 d5 3. Nc3 dxe4 4. Nxe4 Bd7 5. Nf3 Bc6 6. Neg5 Be7 7. Bd3 Nd7 8. 0-0 Ngf6 9. Qe2 Bxf3 10. Nxf3 0-0 11. Rd1 c6 12. c4 Re8 13. b3 a5 14. a3 Qc7 15. Bb2 b6 16. Ne5 Nxe5 17. dxe5 Nd7 18. Bxh7+ Kxh7 19. Qd3+ Kg8 20. Qxd7 Qxd7 21. Rxd7 Rad8 22. Rad1 Rxd7 23. Rxd7 Kf8 24. Kf1 Rb8 25. Ke2 b5 26. Kd3 a4 27. cxb5 Rxb5 28. b4 Rd5+ 29. Rxd5 exd5 30. Bd4 Ke8 31. f4 Kd7 32. f5 Bg5 33. Bb2 Be7 34. Kd4 Bg5 35. g3 Bd2 36. Kd3 Bg5 37. h4 Bd8 38. Bd4 Bc7 39. g4 1-0

[Event "Malaga Region-ch"]
[Site "Malaga"]
[Date "2013.01.13"]
[Round "3"]
[White "Linan Baena, Jeronimo"]
[Black "Gonzalez Capacete, Jose Miguel"]
[Result "1/2-1/2"]
[WhiteElo "2101"]
[BlackElo "1802"]
[PlyCount "61"]
[EventDate "2013.01.12"]
[EventType "swiss"]
[EventRounds "9"]
[EventCountry "ESP"]
[SourceTitle "CBM 152 Extra"]
[Source "ChessBase"]
[SourceDate "2013.02.25"]
[SourceVersion "1"]
[SourceVersionDate "2013.02.25"]
[SourceQuality "1"]

1. d4 e6 2. Nf3 b5 3. Bf4 c5 4. e3 a6 5. Be2 Nf6 6. 0-0 Bb7 7. a4 b4 8. Nbd2 Ne4 9. Nxe4 Bxe4 10. Nd2 Bg6 11. d5 Ra7 12. Bf3 d6 13. dxe6 fxe6 14. Nc4 d5 15. Ne5 Bf7 16. c4 bxc3 17. bxc3 Bd6 18. Rb1 0-0 19. Nxf7 Raxf7 20. Bxd6 Qxd6 21. c4 d4 22. a5 Nd7 23. Bg4 e5 24. e4 Rb8 25. Rxb8+ Nxb8 26. Qb3 Rf6 27. Rb1 Nc6 28. Qb7 Nb4 29. Qc8+ Rf8 30. Qe6+ Qxe6 31. Bxe6+ 1/2-1/2

[Event "Malaga Region-ch"]
[Site "Malaga"]
[Date "2013.01.13"]
[Round "2"]
[White "Quintana Perez, Maider"]
[Black "Linan Baena, Jeronimo"]
[Result "0-1"]
[WhiteElo "1583"]
[BlackElo "2101"]
[PlyCount "94"]
[EventDate "2013.01.12"]
[EventType "swiss"]
[EventRounds "9"]
[EventCountry "ESP"]
[SourceTitle "CBM 152 Extra"]
[Source "ChessBase"]
[SourceDate "2013.02.25"]
[SourceVersion "1"]
[SourceVersionDate "2013.02.25"]
[SourceQuality "1"]

1. c4 c6 2. Nc3 g6 3. Nf3 Bg7 4. g3 Nf6 5. Bg2 0-0 6. 0-0 d6 7. d4 Qa5 8. e4 Qh5 9. Ng5 Qxd1 10. Rxd1 Nbd7 11. f4 e5 12. d5 c5 13. Bd2 a6 14. a4 Re8 15. Rac1 h6 16. Nf3 exf4 17. Bxf4 Ng4 18. h3 Nge5 19. Nxe5 Nxe5 20. b3 b6 21. Ne2 Bd7 22. Bxe5 Bxe5 23. Kh2 g5 24. Rf1 b5 25. a5 Rab8 26. Rb1 Rb7 27. Kh1 bxc4 28. bxc4 Reb8 29. Rxb7 Rxb7 30. Rc1 Rb2 31. Bf1 Kf8 32. Kg2 f5 33. Kf2 fxe4 34. Bg2 Bf5 35. g4 Bg6 36. Rf1 Ke7 37. Ke3 Bd4+ 38. Nxd4 cxd4+ 39. Kxd4 Rxg2 40. Rb1 Rd2+ 41. Ke3 Rd3+ 42. Ke2 Rc3 43. Rb7+ Kf6 44. Rb6 Ke5 45. Rxa6 Rxc4 46. Ra8 Ra4 47. a6 Bf7 0-1

[Event "Malaga-ch"]
[Site "Malaga"]
[Date "2012.01.14"]
[Round "1"]
[White "Linan Baena, Jeronimo"]
[Black "Espinar Cabello, Sergio"]
[Result "1/2-1/2"]
[WhiteElo "2133"]
[BlackElo "1851"]
[PlyCount "25"]
[EventDate "2012.01.14"]
[EventType "swiss"]
[EventRounds "9"]
[EventCountry "ESP"]
[SourceTitle "CBM 146 Extra"]
[Source "ChessBase"]
[SourceDate "2012.02.29"]
[SourceVersion "1"]
[SourceVersionDate "2012.02.29"]
[SourceQuality "1"]

1. d4 c5 2. c3 e6 3. Nf3 Nf6 4. Bf4 Nc6 5. e3 d5 6. Bd3 Bd6 7. Bg3 cxd4 8. cxd4 Ne4 9. Bxd6 Qxd6 10. 0-0 0-0 11. Nc3 Nxc3 12. bxc3 e5 13. dxe5 1/2-1/2

[Event "Campillos op 10th"]
[Site "Campillos"]
[Date "2007.02.27"]
[Round "5.26"]
[White "Rautanen, Sari"]
[Black "Linan Baena, Jeronimo"]
[Result "1/2-1/2"]
[WhiteElo "1943"]
[BlackElo "2186"]
[PlyCount "24"]
[EventDate "2007.02.24"]
[EventType "swiss"]
[EventRounds "9"]
[EventCountry "ESP"]
[SourceTitle "CBM 117 Extra"]
[Source "ChessBase"]
[SourceDate "2007.05.09"]
[SourceVersion "1"]
[SourceVersionDate "2007.05.09"]
[SourceQuality "1"]

1. Nf3 c5 2. c4 d6 3. g3 e5 4. Nc3 g6 5. Bg2 Bg7 6. 0-0 Ne7 7. e4 Nbc6 8. h3 0-0 9. d3 h6 10. Be3 Be6 11. Qd2 Kh7 12. Kh2 Rb8 1/2-1/2

[Event "ESP-ch op"]
[Site "Leon"]
[Date "2006.11.29"]
[Round "8"]
[White "Fernandez Romero, Ernesto"]
[Black "Linan Baena, Jeronimo"]
[Result "1-0"]
[WhiteElo "2442"]
[BlackElo "2177"]
[PlyCount "43"]
[EventDate "2006.11.22"]
[EventType "swiss"]
[EventRounds "9"]
[EventCountry "ESP"]
[SourceTitle "CBM 115 Extra"]
[Source "ChessBase"]
[SourceDate "2007.01.10"]
[SourceVersion "1"]
[SourceVersionDate "2007.01.10"]
[SourceQuality "1"]

1. e4 e6 2. Nf3 d5 3. Nc3 Nf6 4. e5 Nfd7 5. d4 c5 6. dxc5 Nc6 7. Bf4 Bxc5 8. Bd3 f6 9. exf6 Nxf6 10. Qe2 0-0 11. 0-0-0 Bd7 12. h4 Qa5 13. Kb1 a6 14. Ne5 Nxe5 15. Bxe5 b5 16. g4 Be8 17. Bxf6 Rxf6 18. Ne4 dxe4 19. Qxe4 Rd8 20. Qxh7+ Kf8 21. Qh8+ Kf7 22. Qh5+ 1-0

[Event "ESP-ch op"]
[Site "Leon"]
[Date "2006.11.27"]
[Round "6"]
[White "Pena Gomez, Manuel"]
[Black "Linan Baena, Jeronimo"]
[Result "0-1"]
[WhiteElo "2319"]
[BlackElo "2177"]
[PlyCount "114"]
[EventDate "2006.11.22"]
[EventType "swiss"]
[EventRounds "9"]
[EventCountry "ESP"]
[SourceTitle "CBM 115 Extra"]
[Source "ChessBase"]
[SourceDate "2007.01.10"]
[SourceVersion "1"]
[SourceVersionDate "2007.01.10"]
[SourceQuality "1"]

1. e4 e6 2. d4 d5 3. Nc3 Nf6 4. Bg5 Bb4 5. e5 h6 6. Bd2 Bxc3 7. bxc3 Ne4 8. Qg4 g6 9. Bd3 Nxd2 10. Kxd2 c5 11. h4 Nc6 12. Rh3 c4 13. Be2 Qe7 14. h5 g5 15. f4 Rg8 16. Nf3 Bd7 17. fxg5 0-0-0 18. Rah1 f5 19. exf6 Qxf6 20. gxf6 Rxg4 21. Rh4 Rxg2 22. Rf4 Rf8 23. Ke3 Be8 24. Rh2 Rg3 25. Kf2 Rgg8 26. Bf1 Kd7 27. Rhh4 Bf7 28. Bh3 Rg5 29. Bg4 Kd6 30. Rh1 Rgg8 31. Re1 b5 32. Nh4 a5 33. Ng6 Re8 34. Kf3 e5 35. dxe5+ Nxe5+ 36. Nxe5 Rxe5 37. Rxe5 Kxe5 38. Rf5+ Kd6 39. Kf4 Re8 40. Kg3 Re3+ 41. Rf3 Rxf3+ 42. Kxf3 Ke5 43. Ke3 b4 44. Kd2 bxc3+ 45. Kxc3 d4+ 46. Kb2 c3+ 47. Ka3 Kxf6 48. Be2 Kg5 49. Ka4 Bxa2 50. Kxa5 Bf7 51. Kb4 Bxh5 52. Bf1 Kf4 53. Kc5 Ke3 54. Bd3 Bf3 55. Bf5 h5 56. Kc4 Bg4 57. Bd3 Be2 0-1

[Event "ESP-ch op"]
[Site "Leon"]
[Date "2006.11.26"]
[Round "5"]
[White "Linan Baena, Jeronimo"]
[Black "Galard Agustin, Tomas E"]
[Result "1-0"]
[WhiteElo "2177"]
[BlackElo "1959"]
[PlyCount "39"]
[EventDate "2006.11.22"]
[EventType "swiss"]
[EventRounds "9"]
[EventCountry "ESP"]
[SourceTitle "CBM 115 Extra"]
[Source "ChessBase"]
[SourceDate "2007.01.10"]
[SourceVersion "1"]
[SourceVersionDate "2007.01.10"]
[SourceQuality "1"]

1. d4 e6 2. Nf3 g6 3. g3 d5 4. Bg2 Bg7 5. 0-0 c5 6. Nc3 cxd4 7. Nxd4 Nc6 8. Be3 Nge7 9. Qd2 a6 10. Nxc6 Nxc6 11. Bh6 Bf6 12. Rad1 Qa5 13. Qf4 Bxc3 14. bxc3 Qxc3 15. e4 dxe4 16. Bxe4 Bd7 17. Rxd7 Kxd7 18. Qxf7+ Kd6 19. Rd1+ Kc5 20. Be3+ 1-0

[Event "ESP-ch op"]
[Site "Leon"]
[Date "2006.11.24"]
[Round "3"]
[White "Linan Baena, Jeronimo"]
[Black "Crespo Arce, Miguel Angel"]
[Result "1-0"]
[WhiteElo "2177"]
[BlackElo "1822"]
[PlyCount "69"]
[EventDate "2006.11.22"]
[EventType "swiss"]
[EventRounds "9"]
[EventCountry "ESP"]
[SourceTitle "CBM 115 Extra"]
[Source "ChessBase"]
[SourceDate "2007.01.10"]
[SourceVersion "1"]
[SourceVersionDate "2007.01.10"]
[SourceQuality "1"]

1. d4 d5 2. Nf3 Nf6 3. e3 e6 4. Bd3 c5 5. b3 Nc6 6. Bb2 Bd7 7. a3 Rc8 8. Nbd2 cxd4 9. exd4 Bd6 10. 0-0 0-0 11. Ne5 Bb8 12. Kh1 a6 13. f4 Na7 14. Nxd7 Qxd7 15. c4 dxc4 16. bxc4 Nc6 17. Ne4 Nxe4 18. Bxe4 f5 19. Bc2 Ne7 20. Bb3 Ng6 21. g3 Rfd8 22. Qe2 Qc6+ 23. Qf3 Ne7 24. Rae1 Qxf3+ 25. Rxf3 Nc6 26. c5 Kf8 27. Bxe6 Rc7 28. d5 Na5 29. Bc3 b6 30. Bb4 Rxc5 31. Bxc5+ bxc5 32. Bxf5 Rxd5 33. Bxh7 Nc4 34. Bg6 Rd8 35. Rc3 1-0

[Event "Malaga-ch"]
[Site "Malaga"]
[Date "2006.02.04"]
[Round "3"]
[White "Corrales Ibanez, Pedro Luis"]
[Black "Linan Baena, Jeronimo"]
[Result "0-1"]
[WhiteElo "2084"]
[BlackElo "2175"]
[PlyCount "52"]
[EventDate "2006.01.28"]
[EventType "swiss"]
[EventRounds "8"]
[EventCountry "ESP"]
[SourceTitle "EXT 2024"]
[Source "ChessBase"]
[SourceDate "2023.10.10"]
[SourceVersion "1"]
[SourceVersionDate "2023.10.10"]
[SourceQuality "1"]

1. d4 d5 2. Nf3 e6 3. e3 f5 4. Bd3 Nf6 5. b3 c6 6. Bb2 Bd6 7. 0-0 0-0 8. Nbd2 b6 9. Qe2 a5 10. Ne5 Bb7 11. a4 Qe8 12. f3 Na6 13. e4 Nb4 14. exf5 Nxd3 15. Qxd3 exf5 16. Rfe1 Qh5 17. c4 Rad8 18. cxd5 Nxd5 19. Ndc4 Bb4 20. Rf1 f4 21. Ba3 Bxa3 22. Rxa3 Ba6 23. Nxc6 Rd6 24. N6e5 Ne3 25. Rf2 Rfd8 26. Rd2 Nxc4 0-1

[Event "Malaga op 6th"]
[Site "Malaga"]
[Date "2003.02.27"]
[Round "7"]
[White "Suba, Mihai"]
[Black "Linan Baena, Jeronimo"]
[Result "1/2-1/2"]
[WhiteElo "2501"]
[BlackElo "2176"]
[PlyCount "54"]
[EventDate "2003.02.21"]
[EventType "swiss"]
[EventRounds "9"]
[EventCountry "ESP"]
[SourceTitle "CBM 092 Extra"]
[Source "ChessBase"]
[SourceDate "2003.03.07"]
[SourceVersion "1"]
[SourceVersionDate "2003.03.07"]
[SourceQuality "1"]

1. c4 c6 2. e4 d5 3. exd5 cxd5 4. d4 Nf6 5. Nc3 Nc6 6. Bg5 Be6 7. a3 Qd7 8. Bxf6 gxf6 9. c5 Bg4 10. f3 Bh5 11. Bb5 0-0-0 12. Nge2 Bh6 13. g4 Bg6 14. h4 e5 15. h5 exd4 16. Bxc6 bxc6 17. hxg6 dxc3 18. Rxh6 hxg6 19. Rxh8 Rxh8 20. Kf1 cxb2 21. Rb1 Rh1+ 22. Ng1 Rh2 23. Qb3 Qb7 24. Qxb7+ Kxb7 25. Ne2 Rh1+ 26. Ng1 Rh2 27. Ne2 Rh1+ 1/2-1/2

[Event "Malaga City-ch"]
[Site "Malaga"]
[Date "2003.01.26"]
[Round "5.5"]
[White "Cabrera Peinado, Miguel Angel"]
[Black "Linan Baena, Jeronimo"]
[Result "0-1"]
[WhiteElo "2109"]
[BlackElo "2176"]
[PlyCount "54"]
[EventDate "2003.01.11"]
[EventType "swiss"]
[EventRounds "8"]
[EventCountry "ESP"]
[SourceTitle "CBM 092 Extra"]
[Source "ChessBase"]
[SourceDate "2003.03.07"]
[SourceVersion "1"]
[SourceVersionDate "2003.03.07"]
[SourceQuality "1"]

1. d4 d5 2. Bg5 h6 3. Bh4 c6 4. e3 Qb6 5. Bd3 e5 6. dxe5 Qb4+ 7. Nc3 Qxh4 8. Nf3 Qd8 9. Qe2 Bb4 10. Rd1 Qa5 11. 0-0 Bxc3 12. bxc3 Bg4 13. e4 Ne7 14. h3 Bxf3 15. Qxf3 Nd7 16. e6 fxe6 17. Qg4 0-0-0 18. Qxg7 Qc5 19. Rb1 Rdg8 20. Qf7 Qd6 21. Qf3 Rg7 22. Rfd1 Ne5 23. Qe3 Rhg8 24. Bf1 Rf8 25. f4 Nd7 26. Qxa7 Qc5+ 27. Qxc5 Nxc5 0-1

[Event "San Fernando op 16th"]
[Site "Cadiz"]
[Date "2002.07.27"]
[Round "5"]
[White "Hernandez Garcia, Ignacio"]
[Black "Linan Baena, Jeronimo"]
[Result "0-1"]
[WhiteElo "1873"]
[BlackElo "2170"]
[PlyCount "60"]
[EventDate "2002.07.24"]
[EventType "swiss"]
[EventRounds "7"]
[EventCountry "ESP"]
[SourceTitle "CBM 089 Extra"]
[Source "ChessBase"]
[SourceDate "2002.09.10"]
[SourceVersion "2"]
[SourceVersionDate "2002.09.10"]
[SourceQuality "1"]

1. e4 d5 2. exd5 Qxd5 3. Nc3 Qa5 4. d4 Nf6 5. Nf3 c6 6. Bc4 Bf5 7. Bd2 e6 8. Nd5 Qd8 9. Nxf6+ Qxf6 10. Qe2 Nd7 11. 0-0 Bg4 12. c3 Bxf3 13. Qxf3 Qxf3 14. gxf3 Bd6 15. f4 g6 16. Rfe1 0-0-0 17. b4 Nb6 18. Bb3 Nd5 19. Re4 Nf6 20. Re2 Nh5 21. Re4 Bc7 22. c4 Nf6 23. Re2 Rxd4 24. Be3 Rd7 25. Bxa7 Bxf4 26. b5 h5 27. a4 Ng4 28. f3 Ne5 29. bxc6 bxc6 30. Re4 g5 0-1

[Event "Malaga-ch"]
[Site "Malaga"]
[Date "1998.??.??"]
[Round "3"]
[White "Linan Baena, Jeronimo"]
[Black "Bouzo Alvarez, Jose Antonio"]
[Result "1-0"]
[WhiteElo "2090"]
[BlackElo "2175"]
[PlyCount "56"]
[EventDate "1998.??.??"]
[EventType "swiss"]
[EventRounds "8"]
[EventCountry "ESP"]
[SourceTitle "EXT 2003"]
[Source "ChessBase"]
[SourceDate "2002.11.25"]
[SourceVersion "1"]
[SourceVersionDate "2002.11.25"]
[SourceQuality "1"]

1. d4 d5 2. c4 c6 3. Nf3 Nf6 4. Nc3 e6 5. e3 Nbd7 6. Bd3 dxc4 7. Bxc4 b5 8. Bd3 b4 9. Ne4 Bb7 10. 0-0 Qb6 11. Ned2 c5 12. Nc4 Qc7 13. Nfe5 Be7 14. Bd2 0-0 15. Qc2 Rac8 16. Rac1 cxd4 17. exd4 Nxe5 18. dxe5 Ng4 19. Bxh7+ Kh8 20. Qd1 f5 21. Nd6 Qb6 22. Nxc8 Bxc8 23. Bg6 Kg8 24. Be3 Qa5 25. Rxc8 Rxc8 26. Qd7 Qc7 27. Qxe6+ Kh8 28. Bxf5 Nxe3 1-0

[Event "Malaga-ch"]
[Site "Malaga"]
[Date "1998.??.??"]
[Round "1"]
[White "Linan Baena, Jeronimo"]
[Black "Rosado Montanez, Juan Alfonso"]
[Result "1-0"]
[WhiteElo "2090"]
[BlackElo "2000"]
[PlyCount "53"]
[EventDate "1998.??.??"]
[EventType "swiss"]
[EventRounds "8"]
[EventCountry "ESP"]
[SourceTitle "EXT 2003"]
[Source "ChessBase"]
[SourceDate "2002.11.25"]
[SourceVersion "1"]
[SourceVersionDate "2002.11.25"]
[SourceQuality "1"]

1. d4 Nf6 2. Bg5 e6 3. Nd2 Be7 4. e3 b6 5. Bd3 Bb7 6. Ngf3 d6 7. 0-0 Nbd7 8. a4 0-0 9. a5 h6 10. Bh4 Ne8 11. Bxe7 Qxe7 12. a6 Bxf3 13. Qxf3 d5 14. c4 c6 15. Rfc1 Ndf6 16. Rc2 Nc7 17. cxd5 cxd5 18. Rac1 Rfc8 19. Qf4 Nfe8 20. Bb5 Nd6 21. Bc6 Nxa6 22. Bxa8 Rxa8 23. Nf3 Nb4 24. Rc7 Qd8 25. Ne5 f5 26. Rd7 Qe8 27. Rxd6 1-0

[Event "Malaga-ch"]
[Site "Malaga"]
[Date "1998.??.??"]
[Round "2"]
[White "Pariente Lopez, Francisco"]
[Black "Linan Baena, Jeronimo"]
[Result "1/2-1/2"]
[WhiteElo "2275"]
[BlackElo "2090"]
[PlyCount "27"]
[EventDate "1998.??.??"]
[EventType "swiss"]
[EventRounds "8"]
[EventCountry "ESP"]
[SourceTitle "EXT 2003"]
[Source "ChessBase"]
[SourceDate "2002.11.25"]
[SourceVersion "1"]
[SourceVersionDate "2002.11.25"]
[SourceQuality "1"]

1. e4 d5 2. exd5 Qxd5 3. Nc3 Qa5 4. d4 Nf6 5. Nf3 c6 6. Bc4 Bf5 7. Bd2 e6 8. Qe2 Bb4 9. 0-0-0 Nbd7 10. a3 Bxc3 11. Bxc3 Qc7 12. Ne5 Nd5 13. Bd2 Nxe5 14. dxe5 1/2-1/2

[Event "Malaga-ch"]
[Site "Malaga"]
[Date "1998.??.??"]
[Round "7"]
[White "Quesada Vera, Jose Manuel"]
[Black "Linan Baena, Jeronimo"]
[Result "1/2-1/2"]
[WhiteElo "2010"]
[BlackElo "2090"]
[PlyCount "97"]
[EventDate "1998.??.??"]
[EventType "swiss"]
[EventRounds "8"]
[EventCountry "ESP"]
[SourceTitle "EXT 2003"]
[Source "ChessBase"]
[SourceDate "2002.11.25"]
[SourceVersion "1"]
[SourceVersionDate "2002.11.25"]
[SourceQuality "1"]

1. e4 d5 2. exd5 Qxd5 3. Nc3 Qa5 4. d4 Nf6 5. Nf3 Nc6 6. Bb5 Nd5 7. Bd2 Nxc3 8. Bxc6+ bxc6 9. Bxc3 Qd5 10. 0-0 Bg4 11. h3 Bxf3 12. Qxf3 Qxf3 13. gxf3 e6 14. Rfe1 0-0-0 15. Re4 h5 16. a3 Rd5 17. Bb4 Bd6 18. Bd2 Rf5 19. Kg2 g5 20. c4 Rg8 21. c5 Be7 22. Re5 Rxe5 23. dxe5 Rd8 24. Bc3 Bxc5 25. b4 Bd4 26. Rc1 Bxc3 27. Rxc3 Kb7 28. Rc4 Rd5 29. Re4 a5 30. Kg3 a4 31. f4 Rd3+ 32. Re3 gxf4+ 33. Kxf4 Rd2 34. Kg5 Rxf2 35. Kxh5 Rg2 36. h4 Kb6 37. Kh6 c5 38. bxc5+ Kxc5 39. Rf3 Kd5 40. Rxf7 Kxe5 41. Rxc7 Rg3 42. h5 Rxa3 43. Ra7 Kf6 44. Kh7 Ra1 45. h6 a3 46. Kg8 a2 47. h7 Rg1+ 48. Kf8 Rh1 49. Kg8 1/2-1/2